| 000 | 00472nam a2200181Ia 4500 | ||
|---|---|---|---|
| 005 | 20250423095242.0 | ||
| 008 | 250422s9999 xx 000 0 und d | ||
| 020 | _a0471919535 | ||
| 050 | _aRC 372 .E65/ | ||
| 100 | _aEdited by Michael R. Trimble & Edward H. Reynolds | ||
| 245 | 0 | _aEpilepsy, behaviour and cognitive function | |
| 260 | _aPortsmouth | ||
| 260 | _bJohn Wiley & Sons Ltd. | ||
| 260 | _c1988 | ||
| 300 | _a214 p | ||
| 650 | _aEpilepsy. | ||
| 942 | _cBK | ||
| 999 |
_c29706 _d29706 |
||